| 000 | 00762nam a22001935i 4500 | ||
|---|---|---|---|
| 001 | 167963 | ||
| 003 | ES-MaACL | ||
| 005 | 20250626063215.0 | ||
| 008 | 050930s1860 au | |||||||| ||ger d | ||
| 040 |
_aCAM _bspa _cCAM |
||
| 100 | 1 |
_aWolf, Ferdinand Joseph, _d1796-1866 _9133954 |
|
| 245 | 1 | 0 |
_aDom Antonio José da Silva, der verfasser der sogenannten "Opern des Juden" (Operas do judeu) / _cvon Ferdinand Wolf. |
| 260 |
_aWien : _bAud der K.K. Hof, _c1860. |
||
| 300 |
_a32, [2] p. ; _c23 cm. |
||
| 597 | _aLleva otra pág.: 249-278. | ||
| 600 | 1 | 4 |
_aSilva, Antonio José da- _xCrítica e interpretación. _9132737 |
| 852 |
_aES-MaACL _jT-245-F-5 _z-- Enc. hol., falto de la cub. original _z-- Enc. en un vol. facticio |
||
| 999 |
_c167963 _d167963 |
||